| 000 | 00795 a2200217 4500 | ||
|---|---|---|---|
| 020 | _a0415283892 | ||
| 020 | _a9780415283892 | ||
| 082 | 0 | 4 | _a515.3 |
| 090 |
_c161 _d161 |
||
| 100 | _aElaydi, Saber N. | ||
| 245 | 1 | 0 |
_aNew trends in difference equations : _bproceedings of the fifth international conference on difference equations tampico, chile, january 2-7, 2000 / _cSaber N. Elaydi, J. LopezFenner, G. Ladas, M. Pinto. |
| 250 | _a1st ed. | ||
| 260 |
_a[S.l.] : _bCRC Press, _c2002. |
||
| 300 |
_a320 p. ; _c25 cm. |
||
| 700 | 1 | _aElaydi, Saber N. | |
| 700 | 1 | _aLopezFenner, J. | |
| 700 | 1 | _aLadas, G. | |
| 700 | 1 | _aPinto, M. | |
| 942 |
_aSNS _cBK _k515.3 ELA |
||
| 999 |
_c28799 _d28799 |
||